EFFECTIVE crisis communication: moving from crisis to opportunity/
Guardat en:
| Format: | Llibre |
|---|---|
| Idioma: | anglès |
| Publicat: |
Sage
2011
|
| Etiquetes: |
Afegir etiqueta
Sense etiquetes, Sigues el primer a etiquetar aquest registre!
|
MARC
| LEADER | 00000nam a22000007a 4500 | ||
|---|---|---|---|
| 008 | 210817b ||||| |||| 00| 0 eng d | ||
| 020 | |a ISBN: 978-1-4129-8034-0 | ||
| 245 | |a EFFECTIVE crisis communication: moving from crisis to opportunity/ |c Robert R. Ulmer, Timothy L. Sell now [and] Mathew W. Seeger |g . xvii; 239p.; ill. | ||
| 250 | |b 2nd ed |c editors, Robert R. Ulmer, Timothy L. Sell now [and] Mathew W. Seeger | ||
| 260 | |b Sage |c 2011 |h Los Angeles: |i 692008 – ADM |i 692009 |l HD49 .Ef3 |m 1. Crisis management |m 2. Emergency management |m 3. Communication in management |m 4. Communication in organizations |m I. Ulmer, Robert |m II. Sellnow, Timothy L. |m III. Seeger, Mathew W. | ||
| 500 | |a “It includes index and references” | ||
| 942 | |a lcc |c BK |e j. o. ifatola |f 17/ 08/ 2021 | ||
| 952 | |0 0 |1 0 |2 lcc |4 0 |6 HD0049 E F3 |7 0 |9 3073 |a MPL |b HOL |c GJ |d 2021-08-17 |l 0 |o HD49 .Ef3 |p 2021-66772 |r 2021-08-17 00:00:00 |w 2021-08-17 |y BK | ||
| 952 | |0 0 |1 0 |2 lcc |4 0 |6 HD0049 E F3 |7 0 |9 3074 |a MPL |b HOL |c GJ |d 2021-08-17 |l 0 |o HD49 .Ef3 |p 2021-66773 |r 2021-08-17 00:00:00 |w 2021-08-17 |y BK | ||
| 999 | |c 1557 |d 1557 | ||